Регионална библиотека "Любен Каравелов" - Русе

Кафка на плажа (Запис номер 64957)

MARC детайли
000 -Лидер
Контролно поле с фиксирана дължина 01208nam a2200325 c 4500
003 - Код на организацията, давaща контролен номер
Контролно поле BLK
005 - Дата и час на последна редакция
Контролно поле 20250609104651.0
008 - Елементи от данни с фиксирана дължина
fixed length control field 180408b bul|||||r ||||||| ||bul||
010 ## - Наследен системен номер
LC control number KNG00069230000
020 ## - Международен стандартен номер на книга ISBN
Международен стандартен номер на книга ISBN 954-529-470-1
-- издат.: Колибри
040 ## - Източник на каталожния запис
Идентификатор на билиотеката - собственик на записа BLK
041 ## - Код за език
Код за езика на текст/звукозапис или на отделно заглавие Български
Код за езика КДБФ Български
080 ## - УДК
Текстов определител УДК Японска литература
УДК код - определител по УДК 821.521
УДК определител -31
УДК - код + определител 821.521-31
100 1# - Редна дума - Автор
Автор Мураками Харуки
Авторска отговорност първи автор
R(LIN) 270010
139 ## - Редно поле
Редна дума Мураками Харуки
Авторски знак Му - М 95
245 10 - Сведения за заглавието
Заглавие Кафка на плажа
Подзаглавни данни Роман
Редно поле (дума) Мураками Харуки; прев. Людмил Люцканов.
257 ## - Страна на издаване
Страна на създаване/издаване Япония
260 ## - Област на издателските данни
-- София
Име на издателя, разпространителя и проч. Колибри
Година на издаване 2006
Печатница В. Търново : Абагар
300 ## - Физическа характеристика
Страници 612 с.
Размери/Мащаб 20 см
380 ## - Жанр
Жанр Худож. лит.
500 ## - Общи забележки
Забележка Ориг. загл. на япон. ез. - Прев. от англ. изд.
653 ## - Ключова дума – ненормативна
Ключова дума романи
700 1# - Други автори (авторска отговорност)
Лично име Люцканов, Людмил
Автороска отговорност (Описва отношението между автора и произведението) прев.
9 (RLIN) 368659
852 ## - Местоположение
Форматна сигнатура Цб 229948
856 4# - Електронен адрес и достъп
Електронен формат pdf - файл
Път до файла /url/
856 4# - Електронен адрес и достъп
Електронен формат pdf - файл
Път до файла /url/
942 ## - АРТИКУЛИ
Вид на библиотечния материал Книги
Скрит в OPAC Не
Koha issues (borrowed), all copies 37
944 ## - СЪЗДАВАНЕ И РЕДАКЦИЯ на ЗАПИСА
Създаване/Редакция Създаване
Дата на регистрацията/редакция 07.11.2006
Статус, дата на статуса Цветелина Шанова
Служител, извършил регистрацията/редакцията 30531
944 ## - СЪЗДАВАНЕ И РЕДАКЦИЯ на ЗАПИСА
Създаване/Редакция Редакция
Дата на регистрацията/редакция 02.07.2015
Статус, дата на статуса ф /
Служител, извършил регистрацията/редакцията Людмила_Стоянова
999 ## - СИСТЕМНИ КОНТРОЛНИ НОМЕРА
Koha biblionumber 64957
Koha biblioitemnumber 64957
Наличности
Код за отписване Код за изгубен артикул Код за повреда Коз за рестрикции Код за отдаване Артикулен № Име на библиотеката - собственик Име на библиотеката, в която се намира в момента Статус (Текущо местоположение) Дата на вписване в системата Местоположение - отдел Цена в лева Инвентарен номер Систематично азбучна сигнатура Баркод Номер на екземпляра Цена в евро Служебна бележка Служебен тип на артикула Бележка за публиката Източник на класификационната схема
Изтеглен Не е изгубен Не е повреден без рестрикции заемане за дома 107228 Регионална библиотека "Любен Каравелов" Русе Регионална библиотека "Любен Каравелов" Русе   2006-11-07 Заемна - подръчен фонд 14.00 120000706500 П 895-31/М 95 120000706500 1 7.16 Дост: Pk Вид: Ф N: 20 Дата: 07.11.2006 Книги Отч.N: 50/2017 , Дата: 10.10.2017  
Изтеглен Не е изгубен Не е повреден без рестрикции заемане за дома 107229 Регионална библиотека "Любен Каравелов" Русе Регионална библиотека "Любен Каравелов" Русе Заемна - подръчен фонд 2006-12-27 Заемна - подръчен фонд 14.00 120000707874 П 895-31/М 95 120000707874 2 7.16 Дост: Pk Вид: Ф N: 47554 Дата: 20.12.2006 Книги   Universal Decimal Classification
  Не е изгубен Не е повреден без рестрикции заемане за дома 107230 Регионална библиотека "Любен Каравелов" Русе Регионална библиотека "Любен Каравелов" Русе Заемна - подръчен фонд 2006-12-28 Заемна - подръчен фонд 14.00 120000708058 821-31/М 95 Х 120000708058 3 7.16 Дост: Pk Вид: Ф N: 47857 Дата: 21.12.2006 Книги   Universal Decimal Classification
  Не е изгубен Не е повреден без рестрикции заемане за дома 107231 Регионална библиотека "Любен Каравелов" Русе Регионална библиотека "Любен Каравелов" Русе Заемна - подръчен фонд 2009-02-09 Заемна - подръчен фонд 14.00 120000733417 П 895-31/М 95 120000733417 4 7.16 Дост: Pk Вид: Ф N: 14311 Дата: 04.02.2009 Дата инв: 08.02.2018 Бележки инв: П2018 Книги   Universal Decimal Classification
  Не е изгубен Не е повреден без рестрикции ползва се в читалня 107232 Регионална библиотека "Любен Каравелов" Русе Регионална библиотека "Любен Каравелов" Русе Хранилище 2010-01-20 Хранилище 14.00 120000740906 Цб 229948 120000740906 5 7.16 Дост: Dp Вид: Д N: 27 Дата: 23.06.2009 Книги    
Изтеглен Не е изгубен Не е повреден без рестрикции заемане за дома 107233 Регионална библиотека "Любен Каравелов" Русе Регионална библиотека "Любен Каравелов" Русе Заемна - подръчен фонд 2015-06-30 Заемна - подръчен фонд 14.00 120000789509 П 895-31/М 95 120000789509 6 7.16 Дост: DA Вид: А N: 10 Дата: 30.06.2015 Дата инв: 02.03.2018 Бележки инв: П2018 Книги   Universal Decimal Classification
Vip Innovations Ltd, Rousse, Bulgaria 2025